International Journal of Computer and internet security (Record no. 193545)

000 -LEADER
fixed length control field 00383nam a2200121Ia 4500
008 - FIXED-LENGTH DATA ELEMENTS--GENERAL INFORMATION
fixed length control field 220901s9999||||xx |||||||||||||| ||und||
082 ## - DEWEY DECIMAL CLASSIFICATION NUMBER
Classification number 004.65 KUM
100 ## - MAIN ENTRY--PERSONAL NAME
Personal name Kumar, Ashok
245 #0 - TITLE STATEMENT
Title International Journal of Computer and internet security
250 ## - EDITION STATEMENT
Edition statement Vol. 2 Issue No. 1-2 & 3
260 ## - PUBLICATION, DISTRIBUTION, ETC.
Name of publisher, distributor, etc. International Research Publication House
Date of publication, distribution, etc. 2010
650 ## - SUBJECT ADDED ENTRY--TOPICAL TERM
Topical term or geographic name entry element internet security
9 (RLIN) 13598
Holdings
Withdrawn status Lost status Damaged status Not for loan Home library Current library Shelving location Date acquired Full call number Barcode Date last seen Price effective from Koha item type
        Central Library Central Library Book Cart 09/01/2022 004.65 KUM BV276 09/01/2022 09/01/2022 Bound Volumes

Powered by Koha